Music Quiz

Random Music Quiz

Don't Fear the Reaper Quiz Stats

 Plays Quiz not verified by Sporcle

Score 0/245 Timer 05:00
0 Plays Today
Answer % Correct
the
100%
the
100%
the
100%
the
100%
the
100%
the
100%
the
100%
the
100%
the
100%
the
100%
the
100%
the
100%
the
100%
The
100%
The
100%
the
100%
do
98.5%
and
98.5%
and
98.5%
and
98.5%
and
98.5%
and
98.5%
and
98.5%
and
98.5%
and
98.5%
And
98.5%
and
98.5%
on
97%
on
97%
on.
97%
on
97%
on
97%
don't
95.5%
fear
95.5%
don't
95.5%
fear
95.5%
don't
95.5%
fear
95.5%
don't
95.5%
fear
95.5%
don't
95.5%
fear
95.5%
don't
95.5%
fear
95.5%
don't
95.5%
fear
95.5%
don't
95.5%
fear.
95.5%
don't
95.5%
fear
95.5%
reaper.
93.9%
baby,
93.9%
reaper.
93.9%
Baby
93.9%
reaper.
93.9%
reaper.
93.9%
Baby
93.9%
baby,
93.9%
reaper.
93.9%
Baby
93.9%
reaper.
93.9%
reaper.
93.9%
Baby
93.9%
baby,
93.9%
baby,
93.9%
reaper.
93.9%
come.
92.4%
we
92.4%
they
92.4%
Come
92.4%
We
92.4%
they
92.4%
Come
92.4%
Come
92.4%
they
92.4%
They
92.4%
they
92.4%
they
92.4%
Come
92.4%
no
90.9%
be
89.4%
be
89.4%
Answer % Correct
be
89.4%
be
89.4%
be
89.4%
or
87.9%
to
87.9%
to
87.9%
to
87.9%
to
87.9%
wind,
86.4%
can
86.4%
are.
86.4%
Are
86.4%
can
86.4%
are.
86.4%
wind
86.4%
are.
86.4%
are.
86.4%
sun
84.8%
rain,
83.3%
like
83.3%
like
83.3%
like
83.3%
like
83.3%
like
83.3%
my
81.8%
my
81.8%
but
78.8%
Nor
78.8%
but
78.8%
but
78.8%
he
78.8%
take
77.3%
hand,
77.3%
take
77.3%
hand,
77.3%
go
77.3%
hand,
77.3%
your
75.8%
Romeo
75.8%
in
75.8%
Romeo
75.8%
Romeo
75.8%
your
75.8%
now
74.2%
now
74.2%
Juliet.
74.2%
Juliet.
74.2%
Juliet.
74.2%
now
74.2%
Seasons
72.7%
fly,
72.7%
i'm
72.7%
man.
72.7%
fly,
72.7%
i'm
72.7%
man.
72.7%
fly.
72.7%
have
71.2%
gone.
71.2%
gone.
71.2%
gone.
71.2%
Here
69.7%
they're
69.7%
La
69.7%
Here
69.7%
they're
69.7%
Here
69.7%
they're
69.7%
La
69.7%
la
69.7%
la
69.7%
la.
69.7%
la
69.7%
la
69.7%
la.
69.7%
La
69.7%
la
69.7%
la
69.7%
la.
69.7%
La
69.7%
la
69.7%
la
69.7%
Answer % Correct
la.
69.7%
We'll
68.2%
together
68.2%
We'll
68.2%
eternity,
66.7%
she
66.7%
she
66.7%
she
66.7%
she
66.7%
She
66.7%
she
66.7%
able
65.2%
able
65.2%
All
63.6%
times
63.6%
it
60.6%
was
60.6%
was
60.6%
is
57.6%
men
57.6%
men
57.6%
is
57.6%
couldn't
57.6%
Forty
56.1%
thousand
56.1%
women
56.1%
everyday,
56.1%
Forty
56.1%
thousand
56.1%
women
56.1%
everyday,
56.1%
forty
56.1%
thousand
56.1%
everyday.
56.1%
had
56.1%
had
56.1%
had
56.1%
had
56.1%
our
54.5%
of
54.5%
of
54.5%
Then
54.5%
then
54.5%
then
54.5%
then
54.5%
appeared.
51.5%
appeared,
51.5%
afraid.
51.5%
one.
50%
blew
48.5%
night
47%
clear
47%
disappeared.
47%
Came
45.5%
open
45.5%
last
43.9%
candles
43.9%
curtains
43.9%
door
42.4%
Valentine
42.4%
Love
40.9%
two
40.9%
flew
40.9%
started
40.9%
his
40.9%
done.
39.4%
ran
37.9%
him,
37.9%
become
37.9%
become
37.9%
coming
36.4%
sadness,
36.4%
saying
34.8%
taken
34.8%
said
31.8%
Another
30.3%
redefine
21.2%
happiness.
21.2%
looked
21.2%
backward
18.2%
goodbye,
16.7%

You're not logged in!

Compare scores with friends on all Sporcle quizzes.
OR
Log In

Sporcle TV

Today on Sporcle TV


Watch our educational content, quiz creation guides, and fun videos on Sporcle TV.

Show Comments

Extras

Created Aug 1, 2016SourceReportNominate
Tags:blue, cult, fear, oyster, reaper

Top Quizzes Today


Score Distribution

Your Account Isn't Verified!

In order to create a playlist on Sporcle, you need to verify the email address you used during registration. Go to your Sporcle Settings to finish the process.

Report this User

Report this user for behavior that violates our Community Guidelines.

Details: